Вып. 9; Разоружение - веление времени

Détails bibliographiques
Parent link:Разоружение - веление времени: сборник статей/ сост. Н. П. Прожогин. Вып. 9.— , 1983-1987
Langue:russe
Publié: 1987
Sujets:
Format: MixedMaterials Livre
KOHA link:https://koha.lib.tpu.ru/cgi-bin/koha/opac-detail.pl?biblionumber=269236

MARC

LEADER 00000nam2a2200000 4500
001 269236
005 20231101234233.0
035 |a (RuTPU)RU\TPU\book\292409 
090 |a 269236 
100 |a 20140916d1987 km y0rusy50 ca 
101 0 |a rus 
102 |a RU 
105 |a y z 000zy 
200 0 |a Вып. 9 
210 |d 1987 
215 |a 320 с. 
461 1 |0 (RuTPU)RU\TPU\book\292553  |t Разоружение - веление времени  |o сборник статей  |o в 10 вып.  |f сост. Н. П. Прожогин  |v Вып. 9  |d 1983-1987 
606 1 |a Разоружение  |x Международные отношения  |2 stltpush  |3 (RuTPU)RU\TPU\subj\23632  |9 48187 
610 1 |a внешняя политика 
610 1 |a мировая политика 
610 1 |a войны 
610 1 |a миротворчество 
610 1 |a мирное сосуществование 
610 1 |a неприсоединившиеся страны 
610 1 |a документы 
610 1 |a материалы 
610 1 |a выступления 
686 |a Ф4(0)32  |v LBC/SL-A  |2 rubbk 
801 1 |a RU  |b 63413507  |c 20140916 
801 2 |a RU  |b 63413507  |c 20170222  |g RCR 
942 |c BK